LEADER 00523nam 2200169z- 450 001 9910693712103321 035 $a(CKB)4970000000030641 035 $a(EXLCZ)994970000000030641 100 $a20240129c2002uuuu -u- - 101 0 $aeng 200 00$aFinancial management : coordinated approach needed to address the government's improper payments problems 210 $aWashington, D.C 517 $aFinancial Management 906 $aDOCUMENT 912 $a9910693712103321 996 $aFinancial Management$9424135 997 $aUNINA